000 00287nam a2200121Ia 4500
008 190216s9999||||xx |||||||||||||| ||und||
100 _aPanikkotti
245 0 _aMalayalam-Unniyarchayude Urumi
260 _bPoorna Pubs Kozhikode
300 _a19649
650 _aMalayalam
942 _cBK
999 _c26826
_d26826